000 01433cam a2200349 i 4500
001 21281
003 Mx-PuUPA
005 20250912125121.0
008 140415s2016 mx a gr 001 0 spa d
040 _cMx-PuUPA
_aMx-PuUPA
_bspa
_dMx-PuUPA
_erda
041 0 _aspa
043 _2mx-mxbn
_bn-mx-pu
100 1 _aMartínez y Torres, Lilia,
_91260
_eautor
245 1 0 _aLa gula, la gala y la golosina :
_bcomer a la poblana /
_cLilia Martínez y Torres ; Favián Valdivia Pérez, presentación ; María de la Cruz Ríos Yañez, prólogo
250 _aPrimera edición
264 1 _a[México?] :
_bFototeca Lorenzo Becerril, A.C. :
_c2016
300 _a111 páginas :
_bilustraciones (principalmente a color) ;
_c29 cm
336 _2rdacontent
_atexto
_btxt
337 _2rdamedia
_asin medio
_bn
338 _2rdacarrier
_avolumen
_bnc
650 7 _2armarc
_aGastronomía
_zPuebla
_xHistoria
650 7 _2armarc
_aCocina
_zPuebla
_zMéxico
_xHistoria
650 7 _2armarc
_aAptitud creadora en la cocina
650 7 _2armarc
_aDecoración de la mesa
650 7 _2armarc
_aEtiqueta en la mesa
700 1 _aValdivia Pérez, Favián,
_eautor de presentación
700 1 _aRíos Yañez, María de la Cruz,
_eautor de prólogo
942 _2ddc
_cLI
_h641.013097248
_iM28
999 _c21281
_d21281